| 000 | nam a22 7a 4500 | ||
|---|---|---|---|
| 999 |
_c126907 _d126907 |
||
| 008 | 170905b xxu||||| |||| 00| 0 eng d | ||
| 050 | _aBV2061.N335 | ||
| 100 |
_aNazir-Ali, Michael _935623 |
||
| 245 |
_aFrom everywhere to everywhere _bA world view of christian witness _c/ Michael Nazir-Ali |
||
| 260 |
_aLondon _bWilliam Collins Sons and Co. Ltd. _c1991 |
||
| 300 |
_a269p. ; _c 2ocm. |
||
| 650 |
_aChristian missions _935624 |
||
| 942 |
_2lcc _cMONOGRAPH |
||